书目信息 |
| 题名: |
家居表现经典案例
|
|
| 作者: | 于广浩 编著 | |
| 分册: | 客厅篇 | |
| 出版信息: | 北京 中国电力出版社 2007 |
|
| 页数: | 262页 | |
| 开本: | 26cm | |
| 丛书名: | 建筑表现人从业宝典 | |
| 单 册: | ||
| 中图分类: | TU241-39 | |
| 科图分类: | ||
| 主题词: | 住宅--客厅--室内设计--计算机辅助设计 , 住宅 , 住宅--室内设计--计算机辅助设计 , 计算机辅助设计 , 客厅 , 室内设计 | |
| 电子资源: | ||
| ISBN: | 7-5083-4711-0 | |
| 000 | 01089oam2 2200325 450 | |
| 001 | 003284598 | |
| 005 | 20070805181732.62 | |
| 010 | @a7-5083-4711-0@dCNY58.00 | |
| 100 | @a20060104d2007 em y0chiy0110 ea | |
| 101 | 0 | @achi |
| 102 | @aCN@b110000 | |
| 105 | @ay z 000yy | |
| 200 | 1 | @a家居表现经典案例@9jia ju biao xian jing dian an li@i客厅篇@f于广浩编著 |
| 210 | @a北京@c中国电力出版社@d2007 | |
| 215 | @a262页@d26cm@e1光盘 | |
| 225 | 2 | @a建筑表现人从业宝典 |
| 307 | @a附光盘:ISBN 7-900201-48-3 | |
| 312 | @a封面英文共同题名:Home design presentation classical example | |
| 330 | @a本书主要介绍了家居客厅效果图制作的全部过程。其中涉及了制作室内外效果图的几个常用软件,包括3ds max、Lightscape和Photoshop。 | |
| 461 | 0 | @12001 @a建筑表现人从业宝典 |
| 606 | 0 | @a住宅@x客厅@x室内设计@x计算机辅助设计 |
| 606 | 0 | @a住宅 |
| 606 | 0 | @a住宅@x室内设计@x计算机辅助设计 |
| 606 | 0 | @a计算机辅助设计 |
| 606 | 0 | @a客厅 |
| 606 | 0 | @a室内设计 |
| 690 | @aTU241-39@v4 | |
| 701 | 0 | @a于广浩@9yu guang hao@4编著 |
| 801 | 0 | @aCN@bNLC@c20070805 |
| 905 | @a10447@dTU241-39@e421 | |
| 家居表现经典案例.客厅篇/于广浩编著.-北京:中国电力出版社,2007 |
| 262页;26cm+1光盘.-(建筑表现人从业宝典) |
| ISBN 7-5083-4711-0:CNY58.00 |
| 本书主要介绍了家居客厅效果图制作的全部过程。其中涉及了制作室内外效果图的几个常用软件,包括3ds max、Lightscape和Photoshop。 |
| ● |
| 相关链接 |
|
|
|
|
正题名:家居表现经典案例
索取号:TU241-39/421
 
预约/预借
| 序号 | 登录号 | 条形码 | 馆藏地/架位号 | 状态 | 备注 |
| 1 | 0805742 | 208057421 | 第二样本阅览室/ [索取号:TU241-39/421] | 在馆 | |
| 2 | 0805743 | 208057430 | 第三借阅区/ [索取号:TU241-39/421] | 在馆 | |
| 3 | 0805744 | 208057449 | 第三借阅区/ [索取号:TU241-39/421] | 在馆 | |
| 4 | 0805745 | 208057458 | 第三借阅区/ [索取号:TU241-39/421] | 在馆 | |
| 5 | 0805746 | 208057467 | 第三借阅区/ [索取号:TU241-39/421] | 在馆 | |
| 6 | 0805747 | 208057476 | 第三借阅区/ [索取号:TU241-39/421] | 在馆 | |
| 7 | 0805748 | 208057485 | 第三借阅区/ [索取号:TU241-39/421] | 在馆 | |
| 8 | 0805749 | 208057494 | 第三借阅区/ [索取号:TU241-39/421] | 在馆 |